000 00702nam a2200289Ia 4500
005 20260324130409.0
008 008 260324s9999 xx 000 0 eng d
020 _a9780429476594
037 _aEBOOK
040 _aCRL
040 _beng
040 _cCRL
041 _2eng
041 _aeng
084 _qCRL
100 _aRichard Elsner; Gilles Amado
_91181611
245 0 _aLeaders in Transition
245 4 _bThe Tensions at Work as New Leaders Take Charge
260 _bTaylor and Francis
260 _c2007
365 _a
365 _b220
856 _uhttp://www.taylorfrancis.com/books/9780429476594
942 _cEBOOK
999 _c1777772
_d1777772